00497nam a22001337a 4500003000400000005001700004008004100021040002000062245006000082260003500142300002600177500013200203630002800335OSt20211223140346.0150424s2015 sp ||||| |||| 00| 0 fre d bcatcCPC Girona aCharlie Hebdob: journal irresponsable, 14 janvier 2015 aParis: bCharlie Hebdo, c2015 a18 pàgines; c42 cm aNúmero 1178 de Charlie Hebdo. És el primer que es va publicar després de l'atemptat que va patir el setmanari satíric.  0aCharlie Hebdo (Revista)